500 palavras mais comuns em português - Statistics

Estatísticas Gerais
  • Esse quiz foi jogado 762 vezes
  • A pontuação média é 58 de 500
Estatísticas das Respostas
Palavra % Correto
a
95%
o
95%
ó
95%
é
93%
e
93%
I
85%
se
70%
de
69%
com
67%
me
64%
por
62%
nós
59%
ele
57%
57%
que
56%
54%
ela
53%
não
51%
você
51%
sim
49%
para
45%
casa
44%
ir
44%
eles
43%
ser
42%
pai
41%
dia
39%
bom
38%
mãe
37%
em
36%
amo
34%
mais
34%
ou
34%
ar
33%
carro
33%
como
33%
cor
33%
mas
33%
noite
33%
faz
32%
meu
32%
por que
32%
sei
32%
sol
32%
aqui
31%
mão
31%
mar
31%
tem
31%
água
30%
dois
30%
quando
29%
uma
29%
bem
28%
onde
27%
três
26%
seu
25%
dez
24%
fazer
24%
lua
24%
quatro
24%
quer
24%
cinco
23%
port
23%
vir
23%
rua
21%
azul
20%
branco
20%
cabeça
20%
olho
20%
pés
20%
tarde
20%
escola
19%
menos
19%
preto
19%
terra
19%
nunca
18%
palavra
18%
verde
18%
vermelho
18%
andar
17%
até
17%
cem
17%
homem
17%
ler
17%
muito
17%
oeste
17%
país
17%
sempre
17%
som
17%
ano
16%
chuva
16%
dar
16%
mil
16%
seis
16%
trabalho
16%
agora
15%
cão
15%
dizer
15%
este
15%
livro
15%
nada
15%
pode
15%
cidade
14%
deu
14%
dinheiro
14%
entre
14%
foi
14%
frio
14%
mesa
14%
rio
14%
tempo
14%
vida
14%
claro
13%
depois
13%
sob
13%
antes
12%
coisa
12%
luz
12%
nossa
12%
olhar
12%
pouco
12%
são
12%
também
12%
árvore
11%
assim
11%
baixo
11%
jogar
11%
pessoa
11%
porta
11%
amigo
10%
cantar
10%
desde
10%
escrever
10%
escuro
10%
estrela
10%
ficar
10%
fogo
10%
grande
10%
manhã
10%
nome
10%
outro
10%
pequeno
10%
planta
10%
sentir
10%
sobre
10%
vento
10%
calor
9%
corpo
9%
família
9%
fui
9%
lugar
9%
menina
9%
menino
9%
música
9%
poder
9%
vez
9%
viver
9%
cair
8%
contra
8%
estado
8%
fora
8%
longe
8%
melhor
8%
milha
8%
mundo
8%
novo
8%
perto
8%
quente
8%
semana
8%
alto
7%
avião
7%
fez
7%
fim
7%
jogo
7%
papel
7%
pare
7%
passar
7%
plain
7%
primeiro
7%
tomar
7%
atrás
6%
horas
6%
mesmo
6%
minuto
6%
norte
6%
número
6%
peixe
6%
rei
6%
sul
6%
tanto
6%
barco
5%
cada
5%
colocar
5%
comum
5%
estrada
5%
estudo
5%
ran
5%
segunda
5%
verdade
5%
beleza
4%
carta
4%
cavalo
4%
cedo
4%
certo
4%
disse
4%
forma
4%
frente
4%
lado
4%
leste
4%
mapa
4%
oceano
4%
o que
4%
ouvido
4%
pergunta
4%
qualquer
4%
quarto
4%
serra
4%
tipo
4%
último
4%
voz
4%
ajudar
3%
alguns
3%
campo
3%
começo
3%
embora
3%
enquanto
3%
estes
3%
feito
3%
forte
3%
montanha
3%
muitos
3%
navio
3%
nota
3%
ouro
3%
parte
3%
ponto
3%
resposta
3%
roda
3%
rosto
3%
tentar
3%
teve
3%
usar
3%
voar
3%
animais
2%
aprender
2%
aqueles
2%
ato
2%
através
2%
auto
2%
caixa
2%
causa
2%
centro
2%
crescer
2%
crianças
2%
deixar
2%
difícil
2%
direito
2%
ensinar
2%
espaço
2%
esperar
2%
esquerda
2%
força
2%
guerra
2%
início
2%
jovem
2%
justo
2%
linha
2%
longo
2%
mente
2%
neve
2%
pássaro
2%
passo
2%
pessoas
2%
plano
2%
precisa
2%
problema
2%
pronto
2%
rápido
2%
reais
2%
seca
2%
simples
2%
teste
2%
aberto
1%
acima
1%
acontecer
1%
adicionar
1%
a partir de
1%
apenas
1%
área
1%
aviso
1%
base
1%
canção
1%
capaz
1%
chamada
1%
ciência
1%
classe
1%
construir
1%
corte
1%
direto
1%
durante
1%
encontrar
1%
exemplo
1%
fato
1%
foram
1%
grito
1%
grupo
1%
história
1%
idéia
1%
ilha
1%
imagem
1%
juntos
1%
lata
1%
lento
1%
lista
1%
livre
1%
maneira
1%
manter
1%
máquina
1%
marca
1%
medir
1%
metade
1%
mudança
1%
objeto
1%
página
1%
peça
1%
perguntar
1%
pergunto
1%
pintar
1%
pneu
1%
poderia
1%
possível
1%
poucos
1%
prazer
1%
principal
1%
próprio
1%
próximo
1%
puxe
1%
resto
1%
risada
1%
sabia
1%
segurar
1%
sentença
1%
solo
1%
tais
1%
trouxe
1%
vários
1%
veio
1%
veja
1%
verbo
1%
vogal
1%
vontade
1%
acho que
0%
alcançar
0%
alimentos
0%
aparecer
0%
assista
0%
atravessar
0%
aubda
0%
carregam
0%
cauda
0%
ciner
0%
cobertura
0%
começou
0%
completo
0%
conduzir
0%
conjunto
0%
contêm
0%
correto
0%
cuidados
0%
curso
0%
curta
0%
decidir
0%
desenhar
0%
desenvolver
0%
deveria
0%
de volta
0%
diferir
0%
direção
0%
discussão
0%
distante
0%
done
0%
em breve
0%
encontrado
0%
equiparar
0%
especial
0%
exposição
0%
facilidade
0%
faria
0%
fazenda
0%
figura
0%
finais
0%
governar
0%
habitual
0%
homens
0%
imprensa
0%
inteiro
0%
juros
0%
lay
0%
lembre-se
0%
libra
0%
linguagem
0%
maderia
0%
muitas vezes
0%
multa
0%
multiplicar
0%
necessário
0%
novamente
0%
numeral
0%
obter
0%
ocupado
0%
off
0%
ordem
0%
ouça
0%
outvir
0%
padrão
0%
para baixo
0%
parecem
0%
pensava
0%
polegada
0%
preencher
0%
produto
0%
produzir
0%
profunda
0%
rápida
0%
registro
0%
regra
0%
representar
0%
rocha
0%
rodada
0%
run
0%
senhorita
0%
servir
0%
sido
0%
siga
0%
significar
0%
sistema
0%
soletrar
0%
substantivo
0%
suficiente
0%
superfície
0%
tomou
0%
topo
0%
tuda
0%
uma vez
0%
unidade
0%
up
0%
velgho
0%
verifique
0%
viagens
0%
Nenhum quiz correspondente encontrado
Distribuição das Pontuações
Porcentagem de Pessoas com Cada Pontuação
Percentil de Números Respondidos
Sua Pontuação Histórica
Você não jogou esse quiz